| 000 | 00445nab a2200145Ia 4500 | ||
|---|---|---|---|
| 003 | ES-SlBCS | ||
| 005 | 20210601124304.0 | ||
| 008 | 140529s1974 xxu||||| |||| 00| 0 eng d | ||
| 041 | _aeng | ||
| 100 | 1 |
_aLevit, Martin _9139123 |
|
| 245 | 0 | 0 |
_aMeanings and Contexts: Response to the Presidential Address _c Martin Levit |
| 650 | 0 | 4 |
_aEducación _986687 |
| 773 | 0 |
_tEducational Theory _gvol. 24, nº. 4, 1974, págs. 328-330 _wRev1399 |
|
| 942 | _cAR | ||
| 999 |
_c512359 _d512359 |
||